000 00448nam a22001457a 4500
005 20180730154827.0
020 _a8177081012
_c560.00
035 _aB-219913, B-219911
037 _aDPL
_bENG
100 _aUppal, R.K.
245 _aIndian banking industry and information technology /
_cby R.K. Uppal
260 _aNew Delhi
_bNew Century Publications
_c2006
300 _axiii, 264p.
_c20 cms.
942 _2ddc
_cEN
_h332.10954
_mUPP
999 _c66270
_d66270